The impact of emerging technologies on the surveying profession (Record no. 115966)

MARC details
000 -LEADER
fixed length control field 01419cam a22002895a 4500
001 - CONTROL NUMBER
control field L159507
008 - FIXED-LENGTH DATA ELEMENTS--GENERAL INFORMATION
fixed length control field 170725s2017 xxk f 000 0 eng d
035 ## - SYSTEM CONTROL NUMBER
System control number (Sirsi) u159507
041 0# - LANGUAGE CODE
Language code of text/sound track or separate title eng
110 2# - MAIN ENTRY--CORPORATE NAME
Corporate name or jurisdiction name as entry element Royal Institution of Chartered Surveyors
9 (RLIN) 4900
245 04 - TITLE STATEMENT
Title The impact of emerging technologies on the surveying profession
Medium [electronic resource]
260 ## - PUBLICATION, DISTRIBUTION, ETC.
Place of publication, distribution, etc. London
Name of publisher, distributor, etc. RICS
Date of publication, distribution, etc. 2017
300 ## - PHYSICAL DESCRIPTION
Extent 21p.
490 #0 - SERIES STATEMENT
Series statement RICS Insight
490 #0 - SERIES STATEMENT
Series statement RICS Research
520 ## - SUMMARY, ETC.
Summary, etc. Identifies the level of impact that recent technological changes can be expected to have on specific roles carried out by surveyors. It contrasts this with the results of an exclusive survey of professionals conducted in 2016, which examined the opinions of people employed in different parts of the property industry on how they felt that roles within the industry would be affected. Together, these insights provide a fascinating viewpoint on how traditional surveying roles may change in the coming years.
590 ## - LOCAL NOTE (RLIN)
Local note NTK
650 24 - SUBJECT ADDED ENTRY--TOPICAL TERM
Topical term or geographic name entry element TECHNOLOGICAL REVOLUTION
650 24 - SUBJECT ADDED ENTRY--TOPICAL TERM
Topical term or geographic name entry element DISRUPTIVE TECHONOLOGY
650 24 - SUBJECT ADDED ENTRY--TOPICAL TERM
Topical term or geographic name entry element IT
650 24 - SUBJECT ADDED ENTRY--TOPICAL TERM
Topical term or geographic name entry element SURVEYING PROFESSION
651 ## - SUBJECT ADDED ENTRY--GEOGRAPHIC NAME
Geographic name United Kingdom
700 1# - ADDED ENTRY--PERSONAL NAME
Personal name Thompson, Bob
700 1# - ADDED ENTRY--PERSONAL NAME
Personal name Waller, Andrew
856 40 - ELECTRONIC LOCATION AND ACCESS
Uniform Resource Identifier <a href="https://www.rics.org/news-insights/research-and-insights/the-impact-of-emerging-technologies-on-the-surveying-profession">https://www.rics.org/news-insights/research-and-insights/the-impact-of-emerging-technologies-on-the-surveying-profession</a>
Public note View free at RICS.org
942 ## - ADDED ENTRY ELEMENTS (KOHA)
Suppress in OPAC 0
Source of classification or shelving scheme Dewey Decimal Classification
Holdings
Withdrawn status Lost status Damaged status Not for loan Home library Current library Shelving location Date acquired Total Checkouts Full call number Barcode Date last seen Copy number Price effective from Koha item type
        Virtual Virtual Online 07/08/2017   ONLINE PUBLICATION 159507-2001 23/11/2023 1 06/08/2019 Online material